Vainqueurs de la Copa Libertadores - Mort subite - Statistiques

Statistiques générales
  • Ce quiz a été pris 106 fois
  • Le résultat moyen est 10 sur 27
Answers on the Grid
Answers color-coded by a green-red scale on the quiz's grid according to % correct below.
Independiente
Boca Juniors
Peñarol
River Plate
Estudiantes
Olimpia
Nacional
São Paulo
Palmeiras
Santos
Grêmio
Flamengo
Cruzeiro
Internacional
Atlético Nacional
Colo-Colo
Fluminense
Atlético Mineiro
RacingClub
Argentinos Juniors
Vélez Sarsfield
Vasco da Gama
Once Caldas
LDU Quito
Corinthians
San Lorenzo
Botafogo
America de Cali
Deportivo Cali
Cobreloa
Newell's Old Boys
Barcelona
Athletico Paranaense
Universitario
Unión Española
Universidad Católica
Sporting Cristal
Cruz Azul
São Caetano
Guadalajara
Independiente del Valle
Tigres UANL
 
Statistiques - réponses
Réponse % Correct
Boca Juniors
69%
River Plate
58%
Botafogo
56%
Flamengo
52%
Fluminense
50%
Corinthians
48%
Palmeiras
48%
Santos
47%
São Paulo
44%
Independiente
42%
Cruzeiro
41%
Atlético Mineiro
38%
Colo-Colo
38%
Estudiantes
36%
Grêmio
36%
Peñarol
36%
Internacional
30%
Nacional
30%
Vasco da Gama
30%
Vélez Sarsfield
30%
Atlético Nacional
27%
Argentinos Juniors
22%
RacingClub
22%
San Lorenzo
20%
Olimpia
13%
LDU Quito
9%
Once Caldas
8%
Aucun quiz correspondant
Distribution des résultats
% des personnes avec chaque résultat
Percentile par nombre de réponses
Votre historique - résultats
Vous n’avez pas pris ce quiz